Euro Users Quiz Stats

 Plays Quiz Updated Sep 19, 2018

Score 0/27 Timer 04:00
1 Play Today
Country % Correct
France
97.7%
Germany
96.6%
Italy
94%
Monaco
93.6%
Greece
86.7%
Belgium
85.1%
Ireland
85.1%
Portugal
84.2%
Austria
83.7%
Luxembourg
83.6%
Latvia
79.1%
Lithuania
78%
Slovakia
77.3%
Finland
75.1%
Country % Correct
Malta
75%
Andorra
67.7%
Slovenia
64.5%
San Marino
64.3%
Spain
63.4%
The Netherlands
62.1%
Cyprus
58%
Kosovo
52.7%
Montenegro
34.6%
Estonia
28.1%
Vatican City
10.8%
Saint Martin
1.8%
Saint Barthélemy
1.2%

You're not logged in!

Compare scores with friends on all Sporcle quizzes.
OR
Log In

Sporcle TV

Today on Sporcle TV


Watch our educational content, quiz creation guides, and fun videos on Sporcle TV.

Show Comments

Extras

Top Quizzes Today


Score Distribution

Your Account Isn't Verified!

In order to create a playlist on Sporcle, you need to verify the email address you used during registration. Go to your Sporcle Settings to finish the process.

Report this User

Report this user for behavior that violates our Community Guidelines.

Details: